BLACK ELEPHANT HUNTER (Record no. 373)
[ view plain ]
| 000 -LEADER | |
|---|---|
| fixed length control field | 00328cam a2200157ua 4500 |
| 008 - FIXED-LENGTH DATA ELEMENTS--GENERAL INFORMATION | |
| fixed length control field | 190426n II |||gr||||Z||||||eng |
| 040 ## - CATALOGING SOURCE | |
| Original cataloging agency | MAIN |
| 041 ## - LANGUAGE CODE | |
| -- | English |
| 082 ## - DEWEY DECIMAL CLASSIFICATION NUMBER | |
| Classification number | 823 DOF |
| 100 ## - MAIN ENTRY--PERSONAL NAME | |
| Personal name | DOFFY ,KEVIN. |
| 245 ## - TITLE STATEMENT | |
| Title | BLACK ELEPHANT HUNTER |
| 300 ## - PHYSICAL DESCRIPTION | |
| Dimensions | 20CM. |
| 942 ## - ADDED ENTRY ELEMENTS (KOHA) | |
| Koha item type | Books |
| 653 ## - INDEX TERM--UNCONTROLLED | |
| Uncontrolled term | English fiction |
| Withdrawn status | Lost status | Damaged status | Not for loan | Collection code | Home library | Current library | Shelving location | Date acquired | Full call number | Barcode | Date last seen | Copy number | Price effective from | Koha item type | Public note |
|---|---|---|---|---|---|---|---|---|---|---|---|---|---|---|---|
| REFPSC | Central Library and Information Centre Sibsagar Girls College | Central Library and Information Centre Sibsagar Girls College | North East India Books | 19.04.1967 | 823 DOF | 00437 | 27.02.2020 | 1 | 27.02.2020 | Books | V |